000 00875nam a22002057a 4500
999 _c17509
_d17509
003 AR-CdUCM
008 190508b ||||| |||| 00| 0 spa d
040 _aMUNICIPALIDAD PROVINCIAL DEL CUSCO
_cBIBLIOTECA MUNICIPAL DEL CUSCO
082 _216ed.
_a330.98 /
_b G14
100 _aGaleano, Eduardo H.
_925387
245 _aLas venas abiertas de América Latina /
260 _aColombia :
_bSiglo veinti uno,
_c1977.
300 _a426 paginas ;
_c19 cm.
505 _aContenido :La pobreza del hombre como resultado de la riqueza de la tierra -- Fiebre del oro, fiebre de la plata -- El rey azúcar y otros monarcas agrícolas -- Las fuentes subterráneas del poder -- historia de la muerte temprana...
650 _aHistoria economica
_913
650 _aCondiciones sociales
_91132
650 _aAmérica latina
_94491
942 _2ddc
_cLIBROS
945 _awnts
_d2019-05-08